00498nam a2200205 a 4500001001300000003000900013005001700022008004100039020002400080082001300104100001700117245002500134260002600159300000900185500003500194505001000229650001400239650002200253700001700275nice12345678IN_TiNIC20260116013824.0050524s1975 leia grp 000 0 eng  a9004377 c421800a200bBIA aBianchi, Ugo aHistory of Religions aLeiden bBrill c1975 a228p aincludes index and biblioraphy2 aIndex aReligious aReligions-History1 aBianchi, Ugo